Short essays on language /

Guardado en:
Autor Principal: Parini, Alejandro.
Formato: Libro
Idioma:Undetermined
Publicado: Buenos Aires : Departamento de Publicaciones. Facultad de Derecho. Universidad de Buenos Aires, 2003.
Edición:2a. ed.
Materias:
Etiquetas: Agregar Etiqueta
Sin Etiquetas, Sea el primero en etiquetar este registro!
LEADER 00512nam a22001575a 4500
001 DER.der015654
008 260128s2003####ag############000#0#und#d
005 20260128105423.0
245 1 0 |a Short essays on language /  |c Alejandro Parini. 
250 |a 2a. ed. 
260 |a Buenos Aires :  |b Departamento de Publicaciones. Facultad de Derecho. Universidad de Buenos Aires,  |c 2003. 
300 |a 126 p. 
020 |a 9502907205 
100 1 |a Parini, Alejandro. 
650 7 |a LINGÜÍSTICA 
859 |a DERECHO  |b BIB. DERECHO  |h 407  |i PAR  |p 0010782